Daňové a odvodové zaťaženie MSP v SR bakalárska práca

Gespeichert in:
Bibliographische Detailangaben
1. Verfasser: Zelenáková, Dominika
Körperschaft: Fakulta podnikového manažmentu EU. Katedra podnikovohospodárska
Weitere Verfasser: Bukovová, Sylvia, 1959-
Format: Buch
Sprache:Slowakisch
Veröffentlicht: Bratislava 2024
Tags: Tag hinzufügen
Keine Tags, Fügen Sie das erste Tag hinzu!

MARC

LEADER 00000nbm a2200000 4500
001 0302002
005 20250206093444.8
041 0 |a slo 
044 |a SK 
245 1 0 |a Daňové a odvodové zaťaženie MSP v SR  |b bakalárska práca  |c Dominika Zelenáková ; školiteľ: Sylvia Bukovová 
264 1 |a Bratislava  |c 2024 
300 |a 56 s. 
100 1 |a Zelenáková, Dominika 
700 1 |a Bukovová, Sylvia, 1959- 
710 2 |a Fakulta podnikového manažmentu EU. Katedra podnikovohospodárska